| 000 | 00908nam a22002897a 4500 | ||
|---|---|---|---|
| 001 | BR7807590 | ||
| 003 | BR-BrBNA | ||
| 005 | 20230928085823.0 | ||
| 007 | ta | ||
| 008 | 230509b bl.||||| |||| 00| 0 por d | ||
| 040 |
_aBR-BrBNA _bpor _cBiblioteca Nacional de Agricultura |
||
| 041 | _a(Por) | ||
| 072 |
_aF00; E70 _b2320 _b/G514 |
||
| 090 | _ 2320 BR7807590 | ||
| 100 | 1 | _aAltoe, A.G | |
| 110 | 1 | _aComissao Estadual de Planejamento Agricola, Vitoria, ES (Brasil) | |
| 245 | 1 | _aPimenta-do-reino no Espirito Santo subsidios para planejamento [Piper nigrum, producao vegetal, comercializacao, Brasil] | |
| 260 | 3 |
_aVitoria, ES (Brasil): _c1978. |
|
| 300 | _a72 p. | ||
| 500 | _a11 illus.; 23 tables; 18 ref. | ||
| 650 | _aPIMENTA DO REINO | ||
| 650 | _aESTATISTICA DE PRODUCAO | ||
| 650 | _aCOMERCIALIZACAO | ||
| 650 | _aESPIRITO SANTO | ||
| 909 |
_a202309 _bLucia _c55 _dLucia Elande |
||
| 942 | _cBK | ||
| 999 |
_c26516 _d26516 |
||